Datum a čas kvízu

32 Celkem bodů Celkový počet nahraných bodů na tomto kvízu bez doplňovacích otázek.
7. Pořadí na kvízu Konečné umístění týmu na tomto kvízu.

Zaznamenané odpovědi

# Otázka Odpověď Body Výsledky
1. Ve středu utekla jednomu chova... o pumě 1
2. Téměř dvě desetiletí hyzdil pa... o Florencii 0
3. Minulý týden proběhl v Hradci... 30. ročník, Guns N' Roses 0.5
4. Česká mutace jednoho oblíbenéh... Playboy 0
5. V neděli skončil 77. ročník cy... Dauphiné 1
6. Toto téma začneme prostě, a to... Gryf 1
7. Termínem Jókai (Yōkai) se ozna... D 1
8. V roce 2009 byl Rodinným autem... Škoda Yeti 1
9. V této otázce bude vaším úkole... 1D 2A 3B 4C 0
10. Na závěr jedno české mytologic... Blaník 0